[Event "AUTO-ADV-3209"]
[Site "http://www.queenalice.com/game.php?id=1300040"]
[Date "2014.8.7"]
[Round "1"]
[White "PetrossianNeryvinsky"]
[Black "junipero"]
[Result "0-1"]
[WhiteElo "1780"]
[BlackElo "2052"]

1. e4 c5 2. Nf3 Nc6 3. d4 cxd4 4. Nxd4 e5 5. Nb5 d6 6. Be3 Nf6 7. Bg5 Be7 8.
Bxf6 gxf6 9. Nd2 f5 10. Qh5 fxe4 11. Nxe4 a6 12. Nbxd6+ Bxd6 13. Bc4 Qe7 14.
Nxd6+ Qxd6 15. Qxf7+ Kd8 16. Rd1 Nd4 17. c3 Bg4 18. f3 Nxf3+ 19. gxf3 Qxd1+ 20.
Kxd1 Bd7 21. Kc1 Kc7 22. Rd1 Rad8 23. Be6 Rhf8 24. Rxd7+ Rxd7 25. Qxd7+ Kb8 26.
Qd6+ Ka7 27. Qxf8 e4 28. fxe4 h6 29. Bd5 Kb6 30. c4 a5 31. Qxh6+ Kc5 32. e5 b5
33. Qc6+ Kd4 0-1

[Event "AUTO-ADV-3209"]
[Site "http://www.queenalice.com/game.php?id=1300041"]
[Date "2014.8.7"]
[Round "1"]
[White "junipero"]
[Black "PetrossianNeryvinsky"]
[Result "1-0"]
[WhiteElo "2046"]
[BlackElo "1786"]

1. d4 Nf6 2. c4 e6 3. Nc3 Bb4 4. Bd2 O-O 5. Nf3 b6 6. e3 Bb7 7. g3 d5 8. cxd5
Bxc3 9. bxc3 Qxd5 10. Bg2 Nbd7 11. Nh4 Ne4 12. Qc2 Ndf6 13. c4 Qd6 14. O-O c5
15. d5 exd5 16. cxd5 Bxd5 17. Rad1 Qe6 18. Bc3 Nxc3 19. Qxc3 Bxg2 20. Kxg2 Rad8
21. a3 c4 22. Rd4 Ne4 23. Qc2 Rxd4 24. exd4 Qd5 25. f3 Ng5 26. Qc3 Ne6 27. Rd1
g5 28. Nf5 Qxf5 29. Qxc4 g4 30. fxg4 Qxg4 31. Rd2 Qe4+ 32. Kf2 Ng5 33. Qd3 1-0

[Event "AUTO-ADV-3209"]
[Site "http://www.queenalice.com/game.php?id=1300042"]
[Date "2014.8.7"]
[Round "1"]
[White "PetrossianNeryvinsky"]
[Black "Foliko"]
[Result "1-0"]
[WhiteElo "1765"]
[BlackElo "1897"]

1. e4 c6 2. d4 d5 3. Nd2 dxe4 4. Nxe4 Nf6 5. Nxf6+ gxf6 6. Bc4 Bf5 7. Ne2 e6 8.
O-O Nd7 9. Bd3 Bg6 10. c4 Bd6 11. h3 c5 12. Be3 cxd4 13. Nxd4 a6 14. Nxe6 fxe6
15. Bxg6+ hxg6 16. Qxd6 Kf7 17. f4 Qc8 18. Rad1 Rd8 19. b3 b5 20. cxb5 axb5 21.
Rc1 Qb7 22. Rc6 Nf8 23. Rc7+ Kg8 24. Qxd8 Qe4 25. Qe7 Qxe3+ 26. Kh2 1-0

[Event "AUTO-ADV-3209"]
[Site "http://www.queenalice.com/game.php?id=1300043"]
[Date "2014.8.7"]
[Round "1"]
[White "Foliko"]
[Black "PetrossianNeryvinsky"]
[Result "0-1"]
[WhiteElo "1891"]
[BlackElo "1736"]

1. e4 e5 2. Nf3 Nc6 3. Bc4 Bc5 4. d4 exd4 5. O-O d6 6. b4 Nxb4 7. Nxd4 Nf6 8. c3
Nc6 9. Nxc6 bxc6 10. Bg5 h6 11. Bh4 Qe7 12. Nd2 O-O 13. Re1 Rb8 14. Nb3 Bb6 15.
h3 Be6 16. Bd3 Rfe8 17. Nd4 Bd7 18. Qc2 Qe5 19. Bg3 Qg5 20. Kh2 c5 21. Nf3 Qh5
22. e5 dxe5 23. Nxe5 Rxe5 24. Rxe5 Ng4+ 25. Kg1 Nxe5 26. Be2 Qg6 27. Qd2 Re8 28.
Bxe5 Rxe5 29. Bc4 Bc6 30. Bf1 Rg5 31. Qd8+ Kh7 32. Bd3 Rxg2+ 33. Kf1 f5 34. Rd1
Bf3 0-1

[Event "AUTO-INT-2889"]
[Site "http://www.queenalice.com/game.php?id=1300060"]
[Date "2014.8.7"]
[Round "1"]
[White "kre"]
[Black "PetrossianNeryvinsky"]
[Result "1-0"]
[WhiteElo "1653"]
[BlackElo "1710"]

1. e4 e6 2. d3 d5 3. exd5 exd5 4. Nf3 Qe7+ 5. Be2 Nc6 6. O-O Be6 7. d4 Nf6 8. h3
O-O-O 9. Nc3 Ne4 10. Nxe4 dxe4 11. Nh2 Nxd4 12. Bg4 Nf3+ 13. Nxf3 Rxd1 14. Rxd1
Bxg4 15. hxg4 exf3 16. gxf3 Qe2 17. Be3 Qxf3 18. g5 1-0

[Event "AUTO-INT-2889"]
[Site "http://www.queenalice.com/game.php?id=1300061"]
[Date "2014.8.7"]
[Round "1"]
[White "PetrossianNeryvinsky"]
[Black "kre"]
[Result "0-1"]
[WhiteElo "1730"]
[BlackElo "1633"]

1. e4 e5 2. Nf3 d6 3. d4 exd4 4. Qxd4 Nc6 5. Bb5 Bd7 6. Bxc6 Bxc6 7. Nc3 h6 8.
O-O Nf6 9. e5 Nd7 10. Bf4 Bxf3 11. exd6 Bxd6 12. Rfe1+ Kf8 13. Bxd6+ cxd6 14.
Qxd6+ Kg8 15. gxf3 Qg5+ 16. Kf1 Nf6 17. Re7 b5 18. Rd1 Kh7 0-1

[Event "AUTO-INT-2889"]
[Site "http://www.queenalice.com/game.php?id=1300074"]
[Date "2014.8.7"]
[Round "1"]
[White "Philchess"]
[Black "PetrossianNeryvinsky"]
[Result "1-0"]
[WhiteElo "1518"]
[BlackElo "1679"]

1. d4 Nf6 2. Nf3 d5 3. e3 e6 4. c4 c6 5. b3 Nbd7 6. Nc3 Bb4 7. Bb2 Ne4 8. Qc2
Qa5 9. cxd5 Bxc3+ 10. Bxc3 Qxc3+ 11. Qxc3 Nxc3 12. dxe6 fxe6 13. Bd3 Nf6 14. O-O
Ncd5 15. e4 Nf4 16. Bc4 b5 17. Bxe6 Bxe6 18. e5 Ne2+ 19. Kh1 Ne4 20. Rae1 N4c3
21. Ra1 Rd8 22. h3 Nxd4 23. Nxd4 Rxd4 24. f4 Rf8 25. Rf3 b4 26. Kh2 Rfxf4 27.
Rxf4 Rxf4 28. g3 Re4 29. g4 Re2+ 30. Kg3 Nxa2 31. Kf4 h6 32. Rd1 Nc3 33. Rd3
Re4+ 34. Kf3 Bxb3 35. Re3 Bd1+ 36. Kf2 Bc2 37. Rxe4 Nxe4+ 38. Ke2 b3 39. Ke3 b2
40. Kf4 b1=Q 41. e6 1-0

[Event "AUTO-INT-2889"]
[Site "http://www.queenalice.com/game.php?id=1300075"]
[Date "2014.8.7"]
[Round "1"]
[White "PetrossianNeryvinsky"]
[Black "Philchess"]
[Result "1-0"]
[WhiteElo "1692"]
[BlackElo "1554"]

1. e4 Nf6 2. e5 Nd5 3. d4 e6 4. c4 Ne7 5. Nc3 Nbc6 6. Nf3 d5 7. exd6 cxd6 8. Bd3
g6 9. d5 exd5 10. cxd5 Ne5 11. Nxe5 dxe5 12. Bg5 Bg7 13. d6 Qxd6 14. Bb5+ Qd7
15. Bxd7+ Bxd7 16. Bxe7 Kxe7 17. Nd5+ Kd8 18. Qb3 b6 19. Qb4 Bf8 20. Qh4+ Kc8
21. Qe4 Bg7 22. Nxb6+ Kd8 23. Qxa8+ Ke7 24. Qxa7 Rd8 25. Rd1 e4 26. Qa3+ Ke8 27.
Nxd7 Rxd7 28. Qa4 Bc3+ 29. bxc3 e3 30. fxe3 Kf8 31. Qxd7 Kg7 32. O-O h5 33.
Qxf7+ Kh6 34. Qf6 1-0

[Event "AUTO-INT-2889"]
[Site "http://www.queenalice.com/game.php?id=1300082"]
[Date "2014.8.7"]
[Round "1"]
[White "sphagnis"]
[Black "PetrossianNeryvinsky"]
[Result "0-1"]
[WhiteElo "1621"]
[BlackElo "1716"]

1. e4 e5 2. Bc4 Nf6 3. d3 Nc6 4. a3 d5 5. exd5 Nxd5 6. h3 Nb6 7. Qf3 Nxc4 8.
dxc4 Nd4 9. Qd3 Bf5 10. Qd2 Nxc2+ 11. Kd1 Nxa1 12. Qxd8+ Rxd8+ 13. Nd2 Bc2+ 14.
Ke1 Nb3 15. Nxb3 Bxb3 16. Ne2 Rd1# 0-1

[Event "AUTO-INT-2889"]
[Site "http://www.queenalice.com/game.php?id=1300083"]
[Date "2014.8.7"]
[Round "1"]
[White "PetrossianNeryvinsky"]
[Black "sphagnis"]
[Result "0-1"]
[WhiteElo "1757"]
[BlackElo "1759"]

1. e4 e5 2. Nf3 Nc6 3. Bb5 d6 4. O-O Bd7 5. Nc3 a6 6. Bxc6 Bxc6 7. d4 h6 8. dxe5
Be7 9. Qd4 Rh7 10. Nd5 Bb5 11. c4 c5 12. Qd3 Bc6 13. exd6 Qxd6 14. e5 Qb8 15.
Qxh7 Kd7 16. e6+ fxe6 17. Bf4 Bd6 18. Qxg7+ Ne7 19. Nf6+ Kd8 20. Bxd6 Qxd6 21.
Rad1 Nd5 22. Rfe1 Qe7 23. Rxd5+ Bxd5 0-1

[Event "AUTO-OPEN-3305"]
[Site "http://www.queenalice.com/game.php?id=1300179"]
[Date "2014.8.8"]
[Round "1"]
[White "PetrossianNeryvinsky"]
[Black "Andrez"]
[Result "1-0"]
[WhiteElo "1739"]
[BlackElo "1982"]

1. e4 e5 2. Nf3 Nc6 3. Bb5 d6 4. d4 exd4 5. Qxd4 Bd7 6. Bxc6 Bxc6 7. Nc3 Nf6 8.
Bg5 Be7 9. O-O-O O-O 10. Rhe1 h6 11. Bf4 Ng4 12. e5 dxe5 13. Qc4 Qc8 14. Nxe5
Nxe5 15. Bxe5 Re8 16. f4 Qf5 17. Nb5 Bd6 18. Nd4 Qd7 19. Nxc6 bxc6 20. h3 Re6
21. Re3 Rae8 22. Rg3 Rxe5 23. fxe5 Rxe5 24. Qg4 f5 25. Qg6 Re4 26. Rf3 Rf4 27.
Rxd6 Qxd6 28. Qxd6 cxd6 29. Rxf4 g6 30. Ra4 Kf7 31. Rxa7+ Ke6 32. Rg7 Kf6 33. a4
Kxg7 34. a5 1-0

[Event "AUTO-OPEN-3305"]
[Site "http://www.queenalice.com/game.php?id=1300180"]
[Date "2014.8.8"]
[Round "1"]
[White "Andrez"]
[Black "PetrossianNeryvinsky"]
[Result "0-1"]
[WhiteElo "2056"]
[BlackElo "1744"]

1. g4 d5 2. g5 Nc6 3. d3 e5 4. Bg2 h6 5. h4 hxg5 6. hxg5 Rxh1 7. Bxh1 Nge7 8.
Nc3 Qd6 9. Bg2 Bg4 10. f3 Bd7 11. e4 d4 12. Nce2 O-O-O 13. a3 Ng6 14. Bd2 Be7
15. Ng3 Rh8 16. Nf5 Bxf5 17. exf5 Nf4 18. Bxf4 exf4 19. Nh3 f6 20. g6 Qd7 21.
Nxf4 Qxf5 22. Qd2 Bd6 23. Ne2 Rh2 24. Kf1 Qxg6 25. Ng1 Ne7 26. Re1 Nf5 0-1

[Event "AUTO-OPEN-3305"]
[Site "http://www.queenalice.com/game.php?id=1300181"]
[Date "2014.8.8"]
[Round "1"]
[White "PetrossianNeryvinsky"]
[Black "Penge1994"]
[Result "0-1"]
[WhiteElo "1772"]
[BlackElo "1650"]

1. e4 c6 2. d4 d5 3. Nd2 dxe4 4. Nxe4 Bf5 5. Ng3 Bg6 6. h4 h6 7. Nf3 e6 8. Ne5
Bh7 9. Bd3 Bxd3 10. Qxd3 Bd6 11. Bf4 Nf6 12. Qb3 Qc7 13. O-O-O Nd5 14. Ne4 Nxf4
15. Nxd6+ Qxd6 16. Qxb7 O-O 17. Qxa8 Qc7 18. c4 Rc8 19. Rhe1 Na6 20. Qxc6 Qxc6
21. Nxc6 Rxc6 22. b3 Nxg2 0-1

[Event "AUTO-OPEN-3305"]
[Site "http://www.queenalice.com/game.php?id=1300182"]
[Date "2014.8.8"]
[Round "1"]
[White "Penge1994"]
[Black "PetrossianNeryvinsky"]
[Result "1-0"]
[WhiteElo "1671"]
[BlackElo "1751"]

1. e4 e5 2. Nf3 Nc6 3. Bb5 a6 4. Ba4 Nf6 5. d3 d6 6. Nc3 b5 7. Bb3 Bg4 8. Be3
Nd4 9. Bxd4 exd4 10. Nd5 c6 11. Nf4 d5 12. exd5 Bd6 13. Qe2+ Kd7 14. dxc6+ Kxc6
15. Nxd4+ Kb7 16. Qd2 Re8+ 17. Kf1 Be5 18. Nde2 g5 19. Nh3 Bxb2 20. Rb1 Bxe2+
21. Kg1 Qd4 22. Bxf7 Re5 23. Nxg5 1-0

[Event "Challenge"]
[Site "http://www.queenalice.com/game.php?id=1303176"]
[Date "2014.8.21"]
[Round "-"]
[White "PetrossianNeryvinsky"]
[Black "constantin"]
[Result "1-0"]
[WhiteElo "1702"]
[BlackElo "1740"]

1. d4 d5 2. c4 dxc4 3. e4 b5 4. a4 Ba6 5. axb5 Bxb5 6. Nc3 c6 7. b3 cxb3 8. Nxb5
cxb5 9. Bxb5+ Nd7 10. Qxb3 e6 11. Nf3 Bd6 12. Ra6 1-0

[Event "Challenge"]
[Site "http://www.queenalice.com/game.php?id=1303177"]
[Date "2014.8.21"]
[Round "-"]
[White "constantin"]
[Black "PetrossianNeryvinsky"]
[Result "0-1"]
[WhiteElo "1722"]
[BlackElo "1720"]

1. e4 e6 2. d4 d5 3. e5 c5 4. c3 Nc6 5. Bb5 Bd7 6. Bxc6 Bxc6 7. Nh3 Ne7 8. Bg5
cxd4 9. cxd4 Qb6 10. b3 Nf5 11. Be3 Nxe3 12. fxe3 Bb4+ 0-1

[Event "AUTO-INT-2793"]
[Site "http://www.queenalice.com/game.php?id=1305200"]
[Date "2014.8.30"]
[Round "2"]
[White "Givanildo"]
[Black "PetrossianNeryvinsky"]
[Result "1-0"]
[WhiteElo "1589"]
[BlackElo "1775"]

1. d4 d5 2. Bf4 Nf6 3. f3 Nh5 4. e3 Nd7 5. Bd3 c5 6. Bb5 Qb6 7. a4 a6 8. Bxd7+
Bxd7 9. a5 Qxb2 10. Nd2 Nxf4 11. exf4 Qxd4 12. Ne2 Qe3 13. Nf1 Qe6 14. Qd2 Bb5
15. Ne3 d4 16. f5 1-0

[Event "AUTO-INT-2793"]
[Site "http://www.queenalice.com/game.php?id=1305201"]
[Date "2014.8.30"]
[Round "2"]
[White "PetrossianNeryvinsky"]
[Black "Givanildo"]
[Result "0-1"]
[WhiteElo "1752"]
[BlackElo "1612"]

1. d4 e6 2. c4 a6 3. Nc3 c6 4. e4 Bb4 5. Bd2 Ne7 6. Qf3 Ng6 7. Nge2 Nh4 8. Qg3
Bf8 9. Bf4 h6 10. Bc7 Qe7 11. c5 g5 12. Bxb8 Bg7 13. Bd6 Qd8 14. Na4 Qa5+ 15.
Nec3 Bxd4 16. a3 Bxc3+ 0-1